000 00349 a2200157 4500
001 158938
020 _a
040 _cMagnum
100 _a-
240 1 0 _aAventura visual / borboletas e mariposas
_lpor
245 1 0 _aAventura visual / borboletas e mariposas
362 0 _a1899
440 1 _aGlobo
697 _aMAGNITO: COLECAO
942 _cBK
999 _c158938
_d158938